| 000 | 00506nam a2200181Ia 4500 | ||
|---|---|---|---|
| 008 | 240925s9999 xx 000 0 und d | ||
| 020 | _a122007514 | ||
| 082 | _a004.6 DAL | ||
| 100 | _aDally ,James W. | ||
| 245 | 0 | _aPrinciples and Practices of Interconnection Networks | |
| 250 | _aNA | ||
| 260 |
_aNew Delhi: _bElsivier _c,2005. |
||
| 300 |
_a283p. _bNA _fOriginal |
||
| 500 | _aIncludes Index | ||
| 600 | _aComputer Science | ||
| 650 | _aComputer science, information & general works | ||
| 942 | _cBK | ||
| 999 |
_c8769 _d8769 |
||